Nomenclatur Literarius recentioris Theologiae Catholicae
Gespeichert in:
| 1. Verfasser: | |
|---|---|
| Format: | Buch |
| Sprache: | Latein |
| Veröffentlicht: |
Innsbruck
Libraria Academica Wagneriana
1892
|
| Ausgabe: | 1a. ed |
| Schlagworte: | |
| Tags: |
Tag hinzufügen
Keine Tags, Fügen Sie den ersten Tag hinzu!
|
MARC
| LEADER | 00000cam a2200000 a 4500 | ||
|---|---|---|---|
| 001 | UCD2696 | ||
| 003 | CL-VaPUC | ||
| 008 | 160505e18920000au |||||||||||||||||lat|d | ||
| 082 | 0 | 4 | |a 189.4 |b HUR |2 21 |
| 100 | |a Hurter, H |e author |9 586052 | ||
| 245 | 1 | 0 | |a Nomenclatur Literarius recentioris Theologiae Catholicae |
| 250 | |a 1a. ed | ||
| 300 | |a t | ||
| 942 | |c BK | ||
| 945 | |d 20160505 16:04:00 |a dcastane | ||
| 260 | |a Innsbruck |b Libraria Academica Wagneriana |c 1892 | ||
| 500 | |a t.1: Theologiae catholicae seculum primum | ||
| 500 | |a t.2: Theologiae catholicae seculum secundum | ||
| 500 | |a t.3: Theologiae catholicae seculum tertium | ||
| 650 | 0 | |a Filosofía medieval |9 256245 | |
| 650 | 0 | |a Escolasticismo |9 264998 | |
| 583 | |a last modification |c 20160505 16:04:00 |k Rodrigo Vera | ||
| 999 | |c 363818 |d 363816 | ||
| 952 | |0 0 |1 0 |3 erd |4 0 |6 189_400000000000000_HUR_1892 |7 0 |8 X |9 476592 |a BIBTEO |b BIBTEO |c TEO_FFR |h t.1 |i 5230934 |o 189.4 HUR 1892 |p 5230934 |r 2024-01-18 |w 2019-11-24 |y BK_X |z Catalogado en:20160505 |k OFM | ||
| 952 | |0 0 |1 0 |3 erd |4 0 |6 189_400000000000000_HUR_1892 |7 0 |8 X |9 476593 |a BIBTEO |b BIBTEO |c TEO_FFR |h t.2 |i 5230942 |o 189.4 HUR 1892 |p 5230942 |r 2024-01-18 |w 2019-11-24 |y BK_X |z Catalogado en:20160505 |k OFM | ||
| 952 | |0 0 |1 0 |3 erd |4 0 |6 189_400000000000000_HUR_1892 |7 0 |8 X |9 476594 |a BIBTEO |b BIBTEO |c TEO_FFR |h t.3 |i 5230950 |o 189.4 HUR 1892 |p 5230950 |r 2024-01-18 |w 2019-11-24 |y BK_X |z Catalogado en:20160505 |k OFM | ||